书目信息 |
| 题名: |
证券投资
|
|
| 作者: | 孙鹏 , 周黎明 主编 | |
| 分册: | ||
| 出版信息: | 北京 对外经济贸易大学出版社 2009 |
|
| 页数: | 204页 | |
| 开本: | 26cm | |
| 丛书名: | ||
| 单 册: | ||
| 中图分类: | F830.91 | |
| 科图分类: | ||
| 主题词: | 证券投资--高等教育--教材 , 证券投资 | |
| 电子资源: | ||
| ISBN: | 978-7-81134-556-8 | |
| 000 | 00982nam0 2200289 45 | |
| 001 | 1034503249 | |
| 005 | 20100319083408.35 | |
| 010 | @a978-7-81134-556-8@dCNY20.00 | |
| 100 | @a20100311d2009 em y0chiy50 ea | |
| 101 | 0 | @achi |
| 102 | @aCN@b110000 | |
| 105 | @ay z 000yy | |
| 106 | @ar | |
| 200 | 1 | @a证券投资@AZheng Quan Tou Zi@f孙鹏,周黎明主编@FSun Peng, Zhou Li Ming Zhu Bian |
| 210 | @a北京@c对外经济贸易大学出版社@d2009 | |
| 215 | @a204页@d26cm | |
| 300 | @a新思维“十二五”全国高职高专系列规划教材 | |
| 312 | @a封面英文题名:Securities investment | |
| 330 | @a本书介绍与学生未来工作有密切关系的金融工具和证券市场实际运行方面的知识,同时介绍了一些证券投资分析的方法和技巧。 | |
| 510 | 1 | @aSecurities investment@zeng |
| 606 | 0 | @a证券投资@x高等教育@j教材 |
| 606 | 0 | @a证券投资 |
| 690 | @aF830.91@v4 | |
| 701 | 0 | @a孙鹏@ASun Peng@4主编 |
| 701 | 0 | @a周黎明@AZhou Li Ming@4主编 |
| 801 | 0 | @aCN@bTANGWEI@c20100319 |
| 905 | @b0585705-07@dF830.91@e155@f3 | |
| 证券投资/孙鹏,周黎明主编.-北京:对外经济贸易大学出版社,2009 |
| 204页;26cm |
| 新思维“十二五”全国高职高专系列规划教材 |
| ISBN 978-7-81134-556-8:CNY20.00 |
| 本书介绍与学生未来工作有密切关系的金融工具和证券市场实际运行方面的知识,同时介绍了一些证券投资分析的方法和技巧。 |
| ● |
| 相关链接 |
|
|
|
|
正题名:证券投资
索取号:F830.91/155
 
预约/预借
| 序号 | 登录号 | 条形码 | 馆藏地/架位号 | 状态 | 备注 |
| 1 | 0585705 | 205857054 | 第一样本阅览室/ [索取号:F830.91/155] | 在馆 | |
| 2 | 0585706 | 205857063 | 第一借阅区/ [索取号:F830.91/155] | 在馆 | |
| 3 | 0585707 | 205857072 | 密集书库-海洋学院/ [索取号:F830.91/155] | 在馆 |